| 000 | 00565nam a22001457a 4500 | ||
|---|---|---|---|
| 020 | _a0-439-79665-2 | ||
| 082 |
_a823 _bMAS/Z |
||
| 100 | _aMASON, JANE | ||
| 245 |
_aZOEY 101 _bGIRLS GOT GAME! |
||
| 260 |
_aUNITED STATES _bSCHOLASTIC INC _c2005 |
||
| 300 | _a110 | ||
| 520 | _aIt's a story of "firsts"-- Zoey Brooks' first day as a member of the first class at PCA to include girls; her first struggles with her "could the be more opposite?" roommates, and her first tryouts for the formerly all-boys basketball team. | ||
| 650 |
_aNOVEL _zUNITED STATES |
||
| 942 | _cBK | ||
| 999 |
_c2343 _d2343 |
||